000
00294nam a22001217a 4500
008
181009b xxu||||| |||| 00| 0 eng d
041
_a
eng
080
_a
370
100
_a
49
101
_a
PSI
245
_a
Revitalizing Teaching Through Faculty Development
_c
Lacey.A.
942
_2
udc
_c
BK
999
_c
49205
_d
49205